Clic Qui joue dans ce film Lion d'or à Venise de 2001 à 2024 - Statistiques

Statistiques générales
  • Ce quiz a été pris 18 fois
  • Le résultat moyen est 13 sur 21
Statistiques - réponses
Hint Extra Hint Réponse % Correct
2008 - The Wrestler Etats-Unis Mickey Rourke
94%
2001 - Le Mariage des moussons Inde Naseeruddin Shah
94%
2023 - Pauvres Créatures Etats-Unis / Irlande / Royaume-Uni Emma Stone
88%
2005 - Le Secret de Brokeback Mountain Etats-Unis Heath Ledger
88%
2019 - Joker Etats-Unis Joaquin Phoenix
88%
2021 - L'Événement France Anamaria Vartolomei
75%
2020 - Nomadland Etats-Unis Frances McDormand
75%
2003 - Le Retour Russie Vladimir Garine
75%
2002 - The Magdalene Sisters Irlande Geraldine McEwan
69%
2017 - La Forme de l'eau Etats-Unis Sally Hawkins
69%
2009 - Lebanon Israël Oshri Cohen
63%
2007 - Lust, Caution Taïwan Tony Leung Chiu-wai
63%
2004 - Vera Drake Royaume-Uni Imelda Staunton
56%
2012 - Pieta Corée-du-Sud Jo Min-soo
56%
2014 - Un pigeon perché sur une branche philosophait sur l'existence Suède Nisse Vestblom
56%
2015 - Les Amants de Caracas Mexique / Venezuela Alfredo Castro
38%
2016 - La Femme qui est partie Philippines Charo Santos-Concio
38%
2010 - Somewhere Etats-Unis Stephen Dorff
38%
2006 - Still Life Chine Wang Hongwei
38%
2018 - Roma Mexique Yalitza Aparicio
38%
2011 - Faust Russie Hanna Schygulla
19%
Aucun quiz correspondant
Distribution des résultats
% des personnes avec chaque résultat
Percentile par nombre de réponses
Votre historique - résultats
Vous n’avez pas pris ce quiz